000 00731nam a22002537a 4500
003 CHAP
005 20220329134551.0
008 971013s r 00010 d
010 _a22309
011 _a23281
035 _a27377
040 _cCHAP
090 _aR-2769
100 0 0 _aCollaud, J. F.
_925209
245 _aListe officielle 1986 des variétés de céréales
500 _aSobretiro de: Revue Suisse Agric. 18(4) : 223-230, 1986
590 _aBATCH-UPD
_b10
_c20130110
_lUCH01
_h1156
590 _aCONVERSION
_b10
_c20130109
_lUCH01
_h1313
650 1 4 _aCereales
_xVariedades.
_921477
700 0 _aPradervand, J. C.
_991257
901 _aBK
942 _cREIMP
949 _aR-2769
_bBC
_cR
_d-63539
_eTS1
_i27377
_mD
_si
999 _c22309
_d22309